000 00253nam a2200097Ia 4500
001 831952
005 20250826172345.0
008 250824s9999 xx 000 0 und d
245 0 _aOLAĞANÜSTÜ TAŞITLAR
_cSEVDE SEVEN USAK
260 _bYEDİVEREN YAYINLARI
999 _c831952
_d831952